000 00285nam a22001337a 4500
008 180911b xxu||||| |||| 00| 0 eng d
020 _a0962869600
041 _aeng
080 _a573
100 _a11
101 _aBIO
245 _aEntomology & Death
_cCatts, E.P
942 _2udc
_cBK
999 _c47686
_d47686